000 00794nam a2200265Ia 4500
003 OSt
005 20221002044127.0
006 a|||||r|||| 00| 0
007 ta
008 220930b |||||||| |||| 00| 0 eng d
020 _a8175256192 (PBK)
024 _a90712
037 _cReference Collections
040 _aCRL
_cCRL
_beng
041 _2eng
_aeng
082 _aT:3, P5(RR)
100 _aBagchi Tista Ed.
_9569023
245 0 _aProceedings of the international seminar on construction of knowledge
260 _aUdaipur
_bVidya Bhawan Society India
_c2005
300 _a196p.
_ccm.
650 _aEDUCATION
700 _a Agnihotri R.K. Ed.
_9569024
942 _hT:3, P5(RR)
_cref
_2CC
999 _c909670
_d909670